<?xml version="1.0" encoding="UTF-8"?>
<collection xmlns:xsi="http://www.w3.org/2001/XMLSchema-instance" xsi:schemaLocation="http://www.loc.gov/MARC21/slim http://www.loc.gov/standards/marcxml/schema/MARC21slim.xsd" xmlns="http://www.loc.gov/MARC21/slim">
 <record>
  <leader>00000cam a22000004a 4500</leader>
  <controlfield tag="001">UP-8027390931316166766</controlfield>
  <controlfield tag="003">Buklod</controlfield>
  <controlfield tag="005">20080307135018.0</controlfield>
  <controlfield tag="006">a     r    |||| u|</controlfield>
  <controlfield tag="007">ta</controlfield>
  <controlfield tag="008">080307s        xx     d     r    |||| u|</controlfield>
  <datafield tag="042" ind1=" " ind2=" ">
   <subfield code="a">lc</subfield>
  </datafield>
  <datafield tag="050" ind1="0" ind2="0">
   <subfield code="a">HC59.15</subfield>
   <subfield code="b">W656</subfield>
  </datafield>
  <datafield tag="090" ind1=" " ind2="0">
   <subfield code="a">HC59.15</subfield>
   <subfield code="b">W656 2004</subfield>
  </datafield>
  <datafield tag="245" ind1="0" ind2="0">
   <subfield code="a">World development indicators,2004.</subfield>
  </datafield>
  <datafield tag="264" ind1=" " ind2="1">
   <subfield code="a">Washington</subfield>
   <subfield code="c">D.C.</subfield>
   <subfield code="b">The World Bank</subfield>
  </datafield>
  <datafield tag="300" ind1=" " ind2=" ">
   <subfield code="a">v.</subfield>
   <subfield code="b">ill.</subfield>
   <subfield code="c">28 cm.</subfield>
  </datafield>
  <datafield tag="310" ind1=" " ind2=" ">
   <subfield code="a">Annual</subfield>
  </datafield>
  <datafield tag="362" ind1="1" ind2=" ">
   <subfield code="a">Began in 1978.</subfield>
  </datafield>
  <datafield tag="500" ind1=" " ind2=" ">
   <subfield code="a">Description based on: 1997.</subfield>
  </datafield>
  <datafield tag="530" ind1=" " ind2=" ">
   <subfield code="a">Issued also on diskettes and in CD-ROM format; &quot;selected&quot; indicators from current ed. published also online.</subfield>
  </datafield>
  <datafield tag="550" ind1=" " ind2=" ">
   <subfield code="a">Prepared by the Development Data Group of the World Bank's International Economics Department, &lt;1997-&gt;</subfield>
  </datafield>
  <datafield tag="580" ind1=" " ind2=" ">
   <subfield code="a">From 1978-1996 issued as statistical annex in: World development report; as of 1997, World development report has only selected indicators.</subfield>
  </datafield>
  <datafield tag="580" ind1=" " ind2=" ">
   <subfield code="a">Vols. for 1996-   issued also in the CD-ROM version of: World development report, 1978-1996-</subfield>
  </datafield>
  <datafield tag="580" ind1=" " ind2=" ">
   <subfield code="a">Issued in pocket versions called: Little data book ; and: Little green data book.</subfield>
  </datafield>
  <datafield tag="580" ind1=" " ind2=" ">
   <subfield code="a">Some information issued in a pocket version called: The little data book on information and communication technology, 2007- ; and: The little data book on private sector development.</subfield>
  </datafield>
  <datafield tag="650" ind1=" " ind2="0">
   <subfield code="a">Economic history</subfield>
   <subfield code="v">Statistics</subfield>
   <subfield code="v">Periodicals.</subfield>
  </datafield>
  <datafield tag="650" ind1=" " ind2="0">
   <subfield code="a">Economic development</subfield>
   <subfield code="v">Statistics</subfield>
   <subfield code="v">Periodicals.</subfield>
  </datafield>
  <datafield tag="650" ind1=" " ind2="0">
   <subfield code="a">Economic indicators</subfield>
   <subfield code="v">Periodicals.</subfield>
  </datafield>
  <datafield tag="650" ind1=" " ind2="0">
   <subfield code="a">Social indicators</subfield>
   <subfield code="v">Periodicals.</subfield>
  </datafield>
  <datafield tag="710" ind1="2" ind2=" ">
   <subfield code="a">World Bank.</subfield>
  </datafield>
  <datafield tag="710" ind1="2" ind2=" ">
   <subfield code="a">World Bank.</subfield>
   <subfield code="b">International Economics Dept.</subfield>
   <subfield code="b">Development Data Group.</subfield>
  </datafield>
  <datafield tag="730" ind1="0" ind2=" ">
   <subfield code="a">Little data book.</subfield>
  </datafield>
  <datafield tag="730" ind1="0" ind2=" ">
   <subfield code="a">World Bank atlas.</subfield>
  </datafield>
  <datafield tag="776" ind1="1" ind2=" ">
   <subfield code="t">World development indicators (CD-ROM)</subfield>
   <subfield code="w">(DLC)sn 97034680</subfield>
   <subfield code="w">(OCoLC)36830299.</subfield>
  </datafield>
  <datafield tag="780" ind1="0" ind2="5">
   <subfield code="t">Social indicators of development</subfield>
   <subfield code="w">(DLC)   88647378</subfield>
   <subfield code="w">(OCoLC)17941932.</subfield>
  </datafield>
  <datafield tag="787" ind1="0" ind2="8">
   <subfield code="i">Data for 1998-   also represented cartographically in</subfield>
   <subfield code="t">World Bank atlas</subfield>
   <subfield code="x">0085-8293</subfield>
   <subfield code="w">(DLC)sn 82007208</subfield>
   <subfield code="w">(OCoLC)2255743.</subfield>
  </datafield>
  <datafield tag="787" ind1="1" ind2=" ">
   <subfield code="t">World development report</subfield>
   <subfield code="x">0163-5085</subfield>
   <subfield code="w">(DLC)   78067086</subfield>
   <subfield code="w">(OCoLC)4227367.</subfield>
  </datafield>
  <datafield tag="787" ind1="1" ind2=" ">
   <subfield code="t">World development report (CD-ROM)</subfield>
   <subfield code="w">(DLC)sn 97033181</subfield>
   <subfield code="w">(OCoLC)36403001.</subfield>
  </datafield>
  <datafield tag="850" ind1=" " ind2=" ">
   <subfield code="a">AzU</subfield>
   <subfield code="a">CSt</subfield>
   <subfield code="a">CaAEU</subfield>
   <subfield code="a">CaBVaS</subfield>
   <subfield code="a">DLC</subfield>
   <subfield code="a">DNAL</subfield>
   <subfield code="a">GU</subfield>
   <subfield code="a">InU</subfield>
   <subfield code="a">MiU</subfield>
   <subfield code="a">NcD</subfield>
  </datafield>
  <datafield tag="852" ind1="0" ind2=" ">
   <subfield code="a">UPMIN</subfield>
   <subfield code="b">UPMIN-MAIN</subfield>
   <subfield code="h">HC59.15 W656 2004</subfield>
  </datafield>
  <datafield tag="942" ind1=" " ind2=" ">
   <subfield code="a">Book</subfield>
  </datafield>
 </record>
</collection>
